Click the French Regions on the Map - Statistics

General Stats
  • This quiz has been taken 97 times
  • The average score is 10 of 13
Answers on the Map
Answers color-coded by a green-red scale on the quiz's map according to % correct below.
 
Answer Stats
Answer % Correct
Brittany
90%
Corsica
89%
Normandy
89%
Provence-Alpes-Côte d'Azur
84%
Centre-Val de Loire
82%
Grand Est
82%
Île-de-France
81%
Hauts-de-France
76%
Nouvelle Aquitaine
76%
Auvergne-Rhône-Alpes
73%
Pays de la Loire
73%
Bourgogne-Franche-Comté
71%
Occitanie
66%
No matching quizzes found
Score Distribution
Percent of People with Each Score
Percentile by Number Answered
Your Score History
You have not taken this quiz